[Event "Druzynowe Mistrzostwa Polski - II Liga Seniorow"]
[Site "Ustron/Slaski Zwiazek Szachowy"]
[Date "2008.09.06"]
[Round "1.83"]
[White "Markiewicz, Mateusz"]
[Black "Paczkowski, Adam"]
[Result "1/2-1/2"]
[WhiteTitle "I++"]
[BlackTitle "I"]
[WhiteElo "2013"]
[BlackElo "2030"]

1. e4 c6 2. d4 d5 3. Nd2 dxe4 4. Nxe4 Nd7 5. Nf3 Ngf6 6.
Ng3 e6 7. Be2 c5 8. O-O cxd4 9. Nxd4 Be7 10. Nb5 O-O 11. c4 a6 12. Nd6 Ne5 13.
Nxc8 Qxc8 14. Bf4 Ng6 15. Be3 Rd8 16. Qb3 Rd7 17. Rfd1 Bd6 18. Kh1 Bf4 19. Bf3
Bxe3 20. Rxd7 Qxd7 21. fxe3 Rb8 22. Qb6 h6 23. Rd1 Qe7 24. c5 Rc8 25. b4 Rc7
26. Qd6 Kh7 27. a3 Rd7 28. Qxe7 Rxd1+ 29. Bxd1 Nxe7 30. Bf3 Nc6 31. Ne2 Nd5 32.
Kg1 Nxe3 33. Bxc6 bxc6 34. Nd4 Nc4 35. Nxc6 Nxa3 36. Nb8 Kg8 37. Nxa6 Kf8 38.
Kf2 Ke7 39. Ke3 Kd7 40. Kd3 Kc6 41. Kc3 e5 42. Kb3 Kb7 43. Kxa3 Kxa6 44. Ka4 e4
45. b5+ Kb7 46. Kb4 f5 47. Kc3 e3 48. h4 g6 1/2-1/2

[Event "Druzynowe Mistrzostwa Polski - II Liga Seniorow"]
[Site "Ustron/Slaski Zwiazek Szachowy"]
[Date "2008.09.06"]
[Round "1.84"]
[White "Tekielak, Izabela"]
[Black "Sygulska, Anna"]
[Result "0-1"]
[WhiteTitle "m"]
[BlackTitle "I++"]
[WhiteElo "2091"]
[BlackElo "1902"]

1. e4 e6 2. d4 d5 3. e5 c5 4. c3 Nc6 5. Nf3 Qb6 6. a3 c4
7. Be2 Bd7 8. O-O h6 9. Kh1 Nge7 10. Qc2 Na5 11. Nbd2 O-O-O 12. Bd1 Kb8 13. a4
Rc8 14. Re1 Ka8 15. Qb1 Nec6 16. Qa2 Be7 17. Rb1 Qc7 18. Nf1 g5 19. Ng1 h5 20.
f3 Rcg8 21. Be3 f6 22. exf6 Bxf6 23. Bc2 e5 24. dxe5 Bxe5 25. Ne2 Be6 26. Rbd1
Qf7 27. Qb1 h4 28. Ng1 g4 29. f4 Bc7 30. f5 Bd7 31. Ne2 Ne7 32. Nd4 Nac6 33.
Nxc6 Nxc6 34. Rd2 Rh5 35. Bd4 Nxd4 36. Rxd4 Bxf5 37. Bxf5 Rxf5 38. Ne3 Rfg5 39.
a5 h3 40. Rf1 Qe6 41. Re1 hxg2+ 42. Kxg2 Qh6 0-1

[Event "Druzynowe Mistrzostwa Polski - II Liga Seniorow"]
[Site "Ustron/Slaski Zwiazek Szachowy"]
[Date "2008.09.06"]
[Round "1.85"]
[White "Babik, Tomasz"]
[Black "Szymanski, Piotr"]
[Result "1/2-1/2"]
[WhiteTitle "k"]
[BlackTitle "k+"]
[WhiteElo "2229"]
[BlackElo "2210"]

1. d4 Nf6 2. Nf3 e6 3. c4 Bb4+ 4. Bd2 Bxd2+ 5. Qxd2 O-O 6.
Nc3 d6 7. g3 Nc6 8. Bg2 e5 9. Rd1 Bg4 10. dxe5 Bxf3 11. Bxf3 Nxe5 12. Qf4 Nxf3+
13. Qxf3 b6 14. O-O Re8 1/2-1/2

[Event "Druzynowe Mistrzostwa Polski - II Liga Seniorow"]
[Site "Ustron/Slaski Zwiazek Szachowy"]
[Date "2008.09.06"]
[Round "1.87"]
[White "Protaziuk, Grzegorz"]
[Black "Sokolowski, Krzysztof"]
[Result "1/2-1/2"]
[WhiteTitle "m"]
[BlackTitle "I"]
[WhiteElo "2328"]
[BlackElo "2021"]

1. Nc3 d5 2. d4 Nf6 3. Bg5 e6 4. e4 dxe4 5. Bxf6 Qxf6 6.
Nxe4 Qd8 7. Nf3 Be7 8. Bd3 Nd7 9. O-O Nf6 10. Nxf6+ Bxf6 11. c3 O-O 12. Qe2 Qd5
13. Rfe1 c5 14. dxc5 Qxc5 15. Rad1 Qc7 16. Bb1 g6 17. h4 Bd7 18. Ng5 Bc6 19.
Qg4 Rad8 20. h5 Rxd1 21. Rxd1 Qe5 22. Ne4 Bxe4 23. Qxe4 Qxh5 24. Bc2 Qb5 25.
Bb3 Rd8 26. Re1 Qd7 27. Qf3 Qe7 28. Re2 Kg7 29. g3 b6 30. Kg2 Rd6 31. Qa8 Qd7
32. Qf3 Rd3 33. Qa8 h5 34. Qe4 Rd2 35. Rxd2 Qxd2 36. Qb7 Qxb2 37. Bxe6 Qxc3 38.
Bxf7 Qc5 39. Qxa7 Qe7 1/2-1/2

[Event "Druzynowe Mistrzostwa Polski - II Liga Seniorow"]
[Site "Ustron/Slaski Zwiazek Szachowy"]
[Date "2008.09.06"]
[Round "1.88"]
[White "Obiedzinski, Pawel"]
[Black "Sliwerski, Radoslaw"]
[Result "1/2-1/2"]
[WhiteTitle "I++"]
[BlackTitle "k+"]
[WhiteElo "2008"]
[BlackElo "2165"]

1. d4 Nf6 2. Bg5 e6 3. Nd2 c5 4. e3 Be7 5. c3 b6 6. f4 O-O
7. Bd3 Ba6 8. Bxa6 Nxa6 9. Ngf3 cxd4 10. exd4 Nc7 11. Ne5 Nfd5 12. Bxe7 Qxe7
13. Qf3 d6 14. Ng4 e5 15. fxe5 dxe5 16. dxe5 f5 17. Ne3 Rae8 18. O-O-O Nxe3 19.
Qxe3 Qxe5 20. Qxe5 Rxe5 21. Rhe1 Rfe8 22. Nf3 1/2-1/2

[Event "Druzynowe Mistrzostwa Polski - II Liga Seniorow"]
[Site "Ustron/Slaski Zwiazek Szachowy"]
[Date "2008.09.06"]
[Round "1.90"]
[White "Filipkowska, Martyna"]
[Black "Rzepecka, Dorota"]
[Result "0-1"]
[WhiteTitle "II"]
[BlackTitle "I++"]
[WhiteElo "1580"]
[BlackElo "1924"]

1. c4 Nf6 2. Nc3 e6 3. d4 d5 4. cxd5 exd5 5. Bg5 Be7 6.
Nf3 c6 7. e3 O-O 8. Bd3 Bg4 9. O-O Nbd7 10. h3 Bh5 11. Be2 Re8 12. Nh4 Bxe2 13.
Qxe2 Ne4 14. Nxe4 Bxg5 15. Nxg5 Qxg5 16. Nf3 Qg6 17. b4 f5 18. Qc2 Re4 19. Rfe1
Rae8 20. Qd2 Qf6 21. a4 g5 22. Nh2 Qh6 23. Qe2 Nf6 24. Qf3 Qg6 25. Rac1 g4 26.
Qg3 Nh5 27. Qc7 gxh3 28. g3 R4e7 29. Qxe7 Rxe7 30. Nf3 Nxg3 31. Kh2 Nf1+ 32.
Kxh3 Qg4# 0-1

[Event "Druzynowe Mistrzostwa Polski - II Liga Seniorow"]
[Site "Ustron/Slaski Zwiazek Szachowy"]
[Date "2008.09.06"]
[Round "1.91"]
[White "Niedzwiedz, Marek"]
[Black "Grabowski, Pawel"]
[Result "0-1"]
[WhiteTitle "I++"]
[BlackTitle "k"]
[WhiteElo "2088"]
[BlackElo "2296"]

1. e4 e5 2. Nf3 Nc6 3. Bc4 Bc5 4. O-O Nf6 5. c3 O-O 6. d4
Bb6 7. Nxe5 Nxe5 8. dxe5 Nxe4 9. Bd5 Nc5 10. Na3 c6 11. Bf3 Bc7 12. Nc4 b6 13.
b4 Ba6 14. bxc5 Bxc4 15. Qd4 Bxf1 16. Kxf1 bxc5 17. Qxc5 Qh4 18. Qd4 Qxh2 19.
g3 Bb6 20. Qd2 Rfe8 21. Bb2 Rxe5 22. c4 Rf5 23. Qe2 Qh3+ 24. Ke1 Ba5+ 25. Kd1
Rxf3 26. Qxf3 Qf1+ 27. Kc2 Qxc4+ 28. Bc3 Re8 0-1

[Event "Druzynowe Mistrzostwa Polski - II Liga Seniorow"]
[Site "Ustron/Slaski Zwiazek Szachowy"]
[Date "2008.09.06"]
[Round "1.92"]
[White "Stuczynski, Andrzej"]
[Black "Graczyk, Konrad"]
[Result "1-0"]
[WhiteTitle "k+"]
[BlackTitle "II"]
[WhiteElo "2253"]
[BlackElo "1907"]

1. e4 e6 2. d4 d5 3. e5 c5 4. c3 Nc6 5. Nf3 Qb6 6. a3 f6
7. Bd3 cxd4 8. cxd4 fxe5 9. dxe5 Bc5 10. O-O Nge7 11. Nc3 a6 12. Na4 Qa7 13.
Nxc5 Qxc5 14. Be3 Qa5 15. Rc1 O-O 16. Bc5 Qd8 17. Qa4 d4 18. Rfe1 Bd7 19. Qb3
Na5 20. Qa2 Re8 21. Nxd4 Nd5 22. Be4 Nf4 23. b4 Nc6 24. Nf3 Qc7 25. Qd2 Ng6 26.
Bxg6 hxg6 27. Red1 Rad8 28. Bd6 Qb6 29. Qg5 Rc8 30. Qh4 1-0

[Event "Druzynowe Mistrzostwa Polski - II Liga Seniorow"]
[Site "Ustron/Slaski Zwiazek Szachowy"]
[Date "2008.09.06"]
[Round "1.93"]
[White "Polok, Kacper"]
[Black "Zolnierowicz, Krzysztof"]
[Result "1-0"]
[WhiteTitle "I"]
[BlackTitle "IM"]
[WhiteElo "1903"]
[BlackElo "2272"]

1. e4 e5 2. Nf3 Nc6 3. Bb5 Nge7 4. d4 exd4 5. Nxd4 g6 6.
O-O Bg7 7. c3 O-O 8. Be3 d5 9. Nxc6 bxc6 10. Bd3 Qd6 11. Nd2 c5 12. exd5 Nxd5
13. Nc4 Nxe3 14. Nxe3 Be6 15. Qc2 Bh6 16. Nc4 Qf4 17. g3 Qf6 18. f4 Rad8 19.
Ne5 Rfe8 20. Bb5 Bf5 21. Qf2 Rxe5 22. fxe5 Qb6 23. Bc4 Rd2 24. Qf3 Qxb2 25.
Rae1 Qb8 26. e6 fxe6 27. Bxe6+ Bxe6 28. Rxe6 Rd7 29. Rfe1 Rd8 30. Qc6 Bf8 31.
Rf6 Bd6 32. Qd5+ Kh8 33. Qe6 Qc8 34. Qxc8 Rxc8 35. Rfe6 1-0

[Event "Druzynowe Mistrzostwa Polski - II Liga Seniorow"]
[Site "Ustron/Slaski Zwiazek Szachowy"]
[Date "2008.09.06"]
[Round "1.94"]
[White "Gawronski, Miroslaw"]
[Black "Graczyk, Damian"]
[Result "0-1"]
[WhiteTitle "k"]
[BlackTitle "I"]
[WhiteElo "2279"]
[BlackElo "1863"]

1. d4 f5 2. g4 fxg4 3. e4 d5 4. e5 Bf5 5. h3 g3 6. fxg3 e6
7. Nc3 Nc6 8. a3 Qd7 9. g4 Bg6 10. Nge2 O-O-O 11. Bg2 h5 12. Nf4 Nge7 13. gxh5
Bf5 14. Rg1 g5 15. hxg6 Nxg6 16. Nxg6 Bxg6 17. Bg5 Be7 18. h4 Rxh4 19. Bxh4
Bxh4+ 20. Ke2 Qf7 21. Qf1 Nxd4+ 22. Kd1 Bxc2+ 23. Kd2 Bg5+ 24. Ke1 Qg7 25. Ne2
Bd3 26. Qf2 Qxe5 27. Bf3 Bxe2 28. Bxe2 Bh4 0-1

[Event "Druzynowe Mistrzostwa Polski - II Liga Seniorow"]
[Site "Ustron/Slaski Zwiazek Szachowy"]
[Date "2008.09.06"]
[Round "1.96"]
[White "Flazinska, Anna"]
[Black "Graczyk, Natalia"]
[Result "1/2-1/2"]
[WhiteTitle "I+"]
[BlackTitle "II"]
[WhiteElo "1829"]
[BlackElo "1723"]

1. e4 c6 2. d4 d5 3. exd5 cxd5 4. Nf3 Nc6 5. Bd3 Bg4 6. c3
e6 7. Bf4 Bd6 8. Bxd6 Qxd6 9. Nbd2 Nf6 10. Qb3 Bxf3 11. Nxf3 O-O 12. O-O Rfe8
13. Qxb7 Rab8 14. Qa6 Rb6 15. Qa4 Rxb2 16. Bb5 Rc8 17. Rab1 Rxb1 18. Rxb1 h6
19. Qa6 Qc7 20. Rb3 Ne4 21. Bxc6 Qxc6 22. Qxa7 Nxc3 23. g3 Ne4 24. Ne5 Qc1+ 25.
Kg2 Rf8 26. Rb8 1/2-1/2

[Event "Druzynowe Mistrzostwa Polski - II Liga Seniorow"]
[Site "Ustron/Slaski Zwiazek Szachowy"]
[Date "2008.09.06"]
[Round "1.97"]
[White "Dobosz, Henryk"]
[Black "Lusio, Stanislaw"]
[Result "1-0"]
[WhiteTitle "IM"]
[BlackTitle "I"]
[WhiteElo "2440"]
[BlackElo "1964"]

1. e4 c5 2. Nf3 Nf6 3. e5 Nd5 4. g3 Nc6 5. Bg2 e6 6. O-O
Be7 7. c4 Nb6 8. b3 d5 9. d3 Bd7 10. Re1 Qc7 11. Nc3 a6 12. Bf4 Qd8 13. h4 O-O
14. Qd2 Be8 15. Rad1 Kh8 16. Qe2 Nd4 17. Nxd4 cxd4 18. Nb1 Bc5 19. Qb2 a5 20.
Na3 Bc6 21. Nc2 dxc4 22. dxc4 Bxg2 23. Kxg2 d3 24. Be3 Qc7 25. Rxd3 Rad8 26.
Red1 Rxd3 27. Rxd3 Nd7 28. f4 Qc6+ 29. Kh2 Bxe3 30. Nxe3 Nc5 31. Rd4 Qf3 32.
Nd1 h6 33. Qf2 Qg4 34. Ne3 Qg6 35. Qd2 Ne4 36. Qg2 Nc5 37. Kh3 Qb1 38. h5 g6
39. Rd1 Qe4 40. Qxe4 Nxe4 41. Rd4 Nc5 42. hxg6 fxg6 43. Ng4 Kg7 44. Nf6 g5 45.
Nd7 Nxd7 46. Rxd7+ Kg6 47. fxg5 Kxg5 48. Rxb7 Ra8 49. Rf7 h5 50. Rf4 Rc8 51.
Rf6 Rc6 52. Kg2 Kg4 53. Kf2 Kg5 54. Kf3 a4 55. Ke4 a3 56. Rf3 Rc8 57. Rc3 Rd8
58. b4 Rd2 59. Rxa3 Re2+ 60. Kd4 Kf5 61. b5 Re4+ 62. Kc5 1-0

[Event "Druzynowe Mistrzostwa Polski - II Liga Seniorow"]
[Site "Ustron/Slaski Zwiazek Szachowy"]
[Date "2008.09.06"]
[Round "1.98"]
[White "Lach, Ireneusz"]
[Black "Niemiec, Artur"]
[Result "0-1"]
[WhiteTitle "I"]
[BlackTitle "k"]
[WhiteElo "1999"]
[BlackElo "2230"]

1. d4 Nf6 2. c4 e6 3. Nc3 Bb4 4. e3 b6 5. a3 Bxc3+ 6. bxc3
Bb7 7. Nf3 d6 8. Be2 Nbd7 9. O-O O-O 10. Nd2 Ne4 11. Qc2 f5 12. f3 Nxd2 13.
Bxd2 Qh4 14. Bd3 Nf6 15. Rae1 Rad8 16. Bc1 g6 17. Qb3 Kg7 18. Be2 e5 19. Rd1 g5
20. Qc2 f4 21. c5 Bc6 22. cxd6 cxd6 23. e4 Qh5 24. Bb2 Qe8 25. dxe5 dxe5 26.
Rxd8 Qxd8 27. c4 Qe7 28. Rd1 Qc5+ 29. Kh1 Re8 30. Bc3 a5 31. Qb2 Re6 32. Bf1 g4
33. Be1 g3 34. h3 Nd7 35. Bc3 Rd6 36. Rxd6 Qxd6 37. Qc1 Kf7 38. Bb2 Nc5 39. Bc3
Ke6 40. Bd2 Nb3 0-1

[Event "Druzynowe Mistrzostwa Polski - II Liga Seniorow"]
[Site "Ustron/Slaski Zwiazek Szachowy"]
[Date "2008.09.06"]
[Round "1.99"]
[White "Komorzycki, Jakub"]
[Black "Pietal, Leszek"]
[Result "1-0"]
[WhiteTitle "k"]
[BlackTitle "I"]
[WhiteElo "2139"]
[BlackElo "1961"]

1. Nf3 Nf6 2. b3 d5 3. Bb2 c6 4. g3 Bf5 5. Bg2 e6 6. d3
Be7 7. Nbd2 O-O 8. h4 Bg4 9. Ne5 Nbd7 10. f3 Nxe5 11. Bxe5 Bh5 12. g4 Nxg4 13.
fxg4 Bxh4+ 14. Kf1 Bxg4 15. Nf3 Bxf3 16. exf3 f5 17. f4 g6 18. Rh3 Bf6 19. Qe2
Bxe5 20. Qxe5 Qf6 21. Re1 Qxe5 22. Rxe5 Rae8 23. d4 Kg7 24. b4 h6 25. Rc3 a6
26. a4 Kf6 27. Kf2 g5 28. Bf1 gxf4 29. Rh3 Rh8 30. Be2 Reg8 31. Rh4 Rg3 32.
Rxf4 Rc3 33. Bd3 a5 34. bxa5 c5 35. Re3 cxd4 36. Rxd4 h5 37. Rb4 Rh7 38. Bxf5
Rhc7 39. Rxc3 Rxc3 40. Bd3 Rc7 41. Kg3 Kg5 42. Rb6 h4+ 43. Kh3 e5 44. Rb5 Rd7
45. c4 dxc4 46. Bxc4 Kf4 47. Bd5 e4 48. Bxb7 Rd4 49. Bc6 e3 50. Rb2 Rc4 51. Bb5
Rc7 52. a6 Kf3 53. Be2+ Kf2 54. Bg4+ Kf1 55. Kxh4 Rc4 56. Kg3 Ke1 57. Re2+ Kf1
58. Rxe3 Rxa4 59. Bh3+ Kg1 60. Re1# 1-0

[Event "Druzynowe Mistrzostwa Polski - II Liga Seniorow"]
[Site "Ustron/Slaski Zwiazek Szachowy"]
[Date "2008.09.06"]
[Round "1.100"]
[White "Lusio, Marek"]
[Black "Moniszka, Krzysztof"]
[Result "1/2-1/2"]
[WhiteTitle "II"]
[BlackTitle "I+"]
[WhiteElo "1824"]
[BlackElo "2097"]

1. d4 Nf6 2. c4 g6 3. Nc3 d5 4. Bf4 Bg7 5. e3 c5 6. Bxb8
Rxb8 7. dxc5 Qa5 8. Qa4+ Qxa4 9. Nxa4 O-O 10. cxd5 Nxd5 11. a3 Bd7 12. O-O-O
Bxa4 13. Rxd5 Rfc8 14. Kb1 e6 15. Rd2 Rxc5 16. Nf3 Rbc8 17. Bd3 e5 18. e4 Bb3
19. g4 f6 20. h4 Bf8 21. g5 f5 22. Re1 f4 23. Rh1 b5 24. h5 gxh5 25. Rg1 Kf7
26. Nh4 a6 27. Be2 Bc2+ 28. Ka1 Bxe4 29. Bxh5+ Bg6 30. Rd7+ Ke8 31. Rxh7 Bxh5
32. Rxh5 e4 33. Rg4 Bd6 34. Rh8+ Kd7 35. Rxc8 Rxc8 36. g6 Be5 37. g7 Rg8 38.
Ng2 Rxg7 39. Rxg7+ Bxg7 40. Nxf4 Bd4 41. Nd5 Ke6 42. Nc7+ Kd6 43. Nxa6 Bxf2 44.
Nb4 e3 45. Kb1 e2 46. Nd3 e1=Q+ 47. Nxe1 Bxe1 48. Kc2 Kc5 49. Kd3 Kd5 50. b4
Ke5 51. Kc2 Bxb4 52. axb4 Kd4 53. Kb3 Kd3 54. Kb2 Kc4 55. Kc2 Kxb4 56. Kb2 Kc4
57. Kc2 b4 58. Kb2 b3 1/2-1/2